Responses for Show #5250 - Friday, June 8, 2007

Susan Mitchell game 2.

Contestants

[<< previous game]

Michael Condouris, a web animator from New York, New York

Marta Bowman, a sales assistant from Minneapolis, Minnesota

Susan Mitchell, a graduate student from College Station, Texas (whose 1-day cash winnings total $30,100)

[next game >>]

Jeopardy! Round responses

THE SOLOMON ISLANDS
TOM HANKS MOVIE ROLES
(Alex: You have to identify the film.)
ANTIQUES ROADSHOW TREASURES
HYPO-POURRI
I'M REALLY STEPPING IN IT NOW!
DOUBLE LETTERS
    $200 1
the Pacific

Marta
    $200 21
Apollo 13

Michael
    $200 16
(Louis Comfort) Tiffany

Susan
    $200 2
a hypochondriac

Marta
    $200 26
gum

Susan
    $200 11
(Marta: What is a beep?)
...
(Alex: Forgot the "L", Marta, sorry.)

a bleep

SusanMarta
    $400 4
(Alex: They go after [*], in a big way.)

tuna

Triple Stumper
    $400 22
A League of Their Own

Susan
    $400 17
bone (china)

Susan
    $400 3
hypothermia

Susan
    $400 27
quicksand

Marta
    $400 12
a palette

Michael
    $600 5
Queen Elizabeth II

Marta
    $600 23
(Marta: What is Sleepless in Seattle?)

You've Got Mail

MartaMichael
    $600 18
(Susan: What is a saddle?)

spurs

Susan
Triple Stumper
    $600 6
hypoallergenic

Michael
    $600 28
syrup

Susan
    $600 13
the Inn

Marta
    $800 9
the 16th century

Triple Stumper
    $800 24
Big

Michael
    $800 19
(Marta: Who is Louis XVI?)

(Thomas) Chippendale

MartaMichael
    $800 7
hypoglycemia

Michael
    $800 29
grease

Susan
    $800 14
a ballast

Marta
    $1000 10
Guadalcanal

Marta
    $1000 25
Punchline

Michael
    $1000 20
(Marta: Who is Rockwell?)
...
(Alex: We're talking about World War I here, [*].)

James Montgomery Flagg

Marta
Triple Stumper
    $1000 8
the hypothalamus

Susan
    $1000 30
lava

Marta
    $1,200 15
oolong

Marta

Scores at the first commercial break (after clue 15):

Susan Marta Michael
$1,600 $4,400 $1,800

Scores at the end of the Jeopardy! Round:

Susan Marta Michael
$3,600 $3,400 $5,200

Double Jeopardy! Round responses

BIOGRAPHIES
NAME THE MOTOWN ARTIST
BARRE TENDERS
(Alex: Notice the spelling there.)
STATE FLAGS
I'M STARVING!
PASS THE "P"s
    $400 7
(Marta: Who is Brigham Young?)

Joseph Smith

SusanMarta
    $400 26
Diana Ross & The Supremes

Susan
    $400 21
(Michael: Who is Baryshnikov?)

Nureyev

MartaMichael
    $400 12
Mt. Rushmore

Susan
    $400 6
Sparta

Susan
    $400 1
the peso

Michael
    $2,500 8
(Susan: What are the Barrymores?)

the Kennedys

Susan
    $800 27
Marvin Gaye

Susan
    $800 22
(Margot) Fonteyn

Marta
    $800 13
Louisiana

Michael
    $800 17
Jamestown

Michael
    $800 2
parquet

Michael
    $1200 9
Samuel Goldwyn

Triple Stumper
    $1200 28
(Alex: Oh, one of my favorite groups. [*].)

Martha & The Vandellas

Triple Stumper
    $1200 23
Baryshnikov

Marta
    $1200 14
a beehive

Susan
    $1200 18
Biafra

Susan
    $1200 3
a punch-up

Michael
    $1600 10
DNA

Susan
    $1600 29
Edwin Starr

Triple Stumper
    $1600 24
Nijinsky

Marta
    $2,000 15
Tennessee & Texas

Susan
    $1600 19
Charles II

Marta
    $1600 4
a pile

Susan
    $2000 11
Cannery Row

Susan
    $2000 30
Stevie Wonder

Triple Stumper
    $2000 25
(Alex: ...and you got them all right in BARRE TENDERS. Well one. You're a shade off the lead as a result.)
[Applause for Marta's run of the category]

Pavlova

Marta
    $2000 16
Florida

Michael
    $2000 20
(Alex: [*] of the North, correct.)

Nanook

Marta
    $2000 5
preemption

Michael

Scores at the end of the Double Jeopardy! Round:

Susan Marta Michael
$13,100 $12,600 $12,800

[wagering suggestions for these scores]

Final Jeopardy! Round responses

HISTORIC NAMESAKES
(Alex: We were referring to [*] who was named for Benito Juárez.)
MartaWho is ?
$12,600
MichaelWho is Benito
$12,800
SusanWho is [Marconi? crossed off] Doming
$12,501
Benito Mussolini

Final scores:

Susan Marta Michael
$599 $0 $0
2-day champion: $30,699 3rd place: $1,000 2nd place: $2,000

Game dynamics:

Coryat scores:

Susan Marta Michael
$15,200 $12,400 $12,800
20 R
(including 1 DD),
2 W
(including 1 DD)
16 R
(including 1 DD),
5 W
15 R,
1 W

Combined Coryat: $40,400

[game clues] [game scores] [suggest correction]

Game tape date: 2007-02-27
The J! Archive is created by fans, for fans. Scraping, republication, monetization, and malicious use prohibited; this site may use cookies and collect identifying information. See terms. The Jeopardy! game show and all elements thereof, including but not limited to copyright and trademark thereto, are the property of Jeopardy Productions, Inc. and are protected under law. This website is not affiliated with, sponsored by, or operated by Jeopardy Productions, Inc. Join the discussion at JBoard.tv.